Translate these Countries from Italian into English - Statistics

General Stats
  • This quiz has been taken 1,077 times
  • The average score is 17 of 20
Answer Stats
Italiano English % Correct
Grecia Greece
98%
Cina China
97%
Portogallo Portugal
96%
Stati Uniti United States
95%
Messico Mexico
94%
Turchia Turkey
94%
Ciad Chad
93%
Danimarca Denmark
91%
Egitto Egypt
91%
Cipro Cyprus
89%
Giordania Jordan
88%
Regno Unito United Kingdom
88%
Costa d'Avorio Côte d'Ivoire
86%
Giappone Japan
86%
Ungheria Hungary
83%
Repubblica Ceca Czech Republic
81%
Libano Lebanon
81%
Gibuti Djibouti
79%
Lettonia Latvia
72%
Paesi Bassi Netherlands
59%
No matching quizzes found
Score Distribution
Percent of People with Each Score
Percentile by Number Answered
Your Score History
You have not taken this quiz